000 00235 a2200097 4500
001 13271
100 _aUrdang,L
245 _aOxford Thesaurus:An A-Z Dictionary of Synonyms
260 _a
_bPAF Book Clubic Hall
_c
090 _c10267
_d10267
942 _aNUST-CAE
_cM
_c300
999 _c248344
_d248344